Practical cryptography for data internetworks / (Record no. 179406)

000 -LEADER
fixed length control field 00832 a2200229 4500
003 - CONTROL NUMBER IDENTIFIER
control field Nust
005 - DATE AND TIME OF LATEST TRANSACTION
control field 20221019142758.0
010 ## - LIBRARY OF CONGRESS CONTROL NUMBER
LC control number 95022243
020 ## - INTERNATIONAL STANDARD BOOK NUMBER
International Standard Book Number 0818671408 (pbk.)
040 ## - CATALOGING SOURCE
Transcribing agency Nust
082 00 - DEWEY DECIMAL CLASSIFICATION NUMBER
Classification number 005.8,STA
100 1# - MAIN ENTRY--PERSONAL NAME
Personal name Stallings, William.
245 10 - TITLE STATEMENT
Title Practical cryptography for data internetworks /
Statement of responsibility, etc. William Stallings.
260 ## - PUBLICATION, DISTRIBUTION, ETC.
Place of publication, distribution, etc. Los Alamitos, Calif. :
Name of publisher, distributor, etc. IEEE Computer Society Press,
Date of publication, distribution, etc. c1996.
300 ## - PHYSICAL DESCRIPTION
Extent x, 356 p. :
Other physical details ill. ;
Dimensions 28 cm.
505 ## - FORMATTED CONTENTS NOTE
Formatted contents note Principles of Cryptography (Page-1), Authentication and Digital Signatures (Page-103), Data Network Security Application (Page-249).
650 #0 - SUBJECT ADDED ENTRY--TOPICAL TERM
Topical term or geographic name entry element Coding theory.
9 (RLIN) 3106
650 #0 - SUBJECT ADDED ENTRY--TOPICAL TERM
Topical term or geographic name entry element Computer networks
General subdivision Security measures.
9 (RLIN) 466
650 #0 - SUBJECT ADDED ENTRY--TOPICAL TERM
Topical term or geographic name entry element Computer security.
9 (RLIN) 570
650 #0 - SUBJECT ADDED ENTRY--TOPICAL TERM
Topical term or geographic name entry element Data encryption (Computer science)
9 (RLIN) 29166
942 ## - ADDED ENTRY ELEMENTS (KOHA)
Source of classification or shelving scheme
Koha item type Book
Call number prefix 005.8,STA
Holdings
Withdrawn status Lost status Source of classification or shelving scheme Damaged status Not for loan Permanent Location Current Location Shelving location Date acquired Full call number Barcode Date last seen Price effective from Koha item type Public note
          Military College of Signals (MCS) Military College of Signals (MCS) General Stacks 12/12/2016 005.8 STA MCS24055 12/08/2016 12/12/2016 Book Almirah No.9, Shelf No.3
          Military College of Signals (MCS) Military College of Signals (MCS) General Stacks 06/08/2023 005.8,STA MCS967 06/08/2023 06/08/2023 Book Bank Almirah No.18, Shelf No.3
© 2023 Central Library, National University of Sciences and Technology. All Rights Reserved.